| 000 | 00779nam a22002297a 4500 | ||
|---|---|---|---|
| 999 |
_c8227 _d8227 |
||
| 001 | 21733 | ||
| 003 | BD-DhUAP | ||
| 005 | 20221203135658.0 | ||
| 008 | 080208s2008 enk 000 0 eng | ||
| 010 | _a 2008006018 | ||
| 020 | _a9780199218998 | ||
| 040 |
_aDLC _cBD-DhUAP _dBD-DhUAP _beng _eBD-DhUAP |
||
| 082 | 0 | 0 |
_a340.03 PEN _222 |
| 100 | 1 |
_aPenner, J. E. _q(James E.) |
|
| 245 | 1 | 4 |
_aThe law student's dictionary/ _cJ.E. Penner. |
| 250 |
_a13th ed. / _bJ.E. Penner. |
||
| 260 |
_aOxford ; _aNew York : _bOxford University Press, _c2008. |
||
| 300 |
_a318 p. ; _c25 cm. |
||
| 650 | 0 |
_aLaw _zGreat Britain _vDictionaries. |
|
| 942 |
_2ddc _cBK |
||